书目信息 |
| 题名: |
天津通鉴
|
|
| 作者: | 天津地方志编修委员会办公室 编著 | |
| 分册: | 下卷 | |
| 出版信息: | 北京 中国青年出版社 2005.12 |
|
| 页数: | 434-1086页 | |
| 开本: | 28cm | |
| 丛书名: | ||
| 单 册: | ||
| 中图分类: | C719.2 | |
| 科图分类: | ||
| 主题词: | 社会科学 | |
| 电子资源: | ||
| ISBN: | 7-5006-4919-3 | |
| 000 | 00726nam0 2200205 450 | |
| 001 | 1140039812 | |
| 005 | 20111228111620.82 | |
| 010 | @a7-5006-4919-3@dCNY269.00 | |
| 100 | @a20111228d2005 km y0chiy0120 ea | |
| 101 | 0 | @achi |
| 102 | @aCN@b110000 | |
| 105 | @ay z 000yy | |
| 200 | 1 | @a天津通鉴@Atian jin tong jian@h下卷@f天津地方志编修委员会办公室编著@Ftian jin di fang zhi bian xiu wei yuan hui ban gong shi bian zhu |
| 210 | @a北京@c中国青年出版社@d2005.12 | |
| 215 | @a434-1086页@d28cm | |
| 606 | 0 | @a社会科学 |
| 690 | @aC719.2@v4 | |
| 701 | 0 | @a天津地方志编修委员会办公室@Atian jin di fang zhi bian xiu wei yuan hui ban gong shi@4编著 |
| 801 | 0 | @aCN@bZZRC@c20111228 |
| 905 | @a郑州市财税学校图书馆@dC719.2@eT480:2@f3 | |
| 天津通鉴.下卷/天津地方志编修委员会办公室编著.-北京:中国青年出版社,2005.12 |
| 434-1086页;28cm |
| ISBN 7-5006-4919-3:CNY269.00 |
| ● |
| 相关链接 |
|
|
|
正题名:天津通鉴
索取号:C719.2/T480:2
 
预约/预借
| 序号 | 登录号 | 条形码 | 馆藏地/架位号 | 状态 | 备注 |
| 1 | 1181724 | 211817248 | 社科库509/509社科库 55排2列6层/ [索取号:C719.2/T480:2] | 在馆 | |
| 2 | 1181725 | 211817257 | 社科库509/509社科库 55排2列6层/ [索取号:C719.2/T480:2] | 在馆 | |
| 3 | 1181726 | 211817266 | 社科库509/509社科库 55排2列6层/ [索取号:C719.2/T480:2] | 在馆 |